Matematické modelovanie v riadení ekonomických procesov zborník vedecko-výskumných prác

Na minha lista:
Detalhes bibliográficos
Outros Autores: Ivaničová, Zlatica
Formato: Livro
Idioma:eslovaco
Publicado em: Bratislava VŠE 1988
Tags: Adicionar Tag
Sem tags, seja o primeiro a adicionar uma tag!

MARC

LEADER 00000nam a2200000 4500
001 c028773
005 20260326072821.7
041 0 |a slo 
044 |a SK 
245 1 0 |a Matematické modelovanie v riadení ekonomických procesov  |b zborník vedecko-výskumných prác  |c zost. Zlatica Ivaničová 
264 1 |a Bratislava  |b VŠE  |c 1988 
300 |a 128 s. 
700 1 |a Ivaničová, Zlatica